Carregant...
A farewell to Ambedkar
| Autor principal: | |
|---|---|
| Format: | Printed Book |
| Publicat: |
Jaipur
ABD Publishers
2004
|
| LEADER | 00427nam a2200133 4500 | ||
|---|---|---|---|
| 020 | |a 9788185771830 | ||
| 082 | |a 954.035 |b JAT/F | ||
| 100 | |a Jatava, D R | ||
| 245 | |a A farewell to Ambedkar | ||
| 260 | |a Jaipur |b ABD Publishers |c 2004 | ||
| 300 | |a 246p | ||
| 942 | |c BK | ||
| 999 | |c 44683 |d 44683 | ||
| 952 | |0 0 |1 0 |4 0 |6 954_035000000000000_JATF |7 0 |8 Stack |9 48640 |a KUCL |b KUCL |c Stack |d 2018-01-25 |g 950.00 |l 0 |o 954.035 JAT/F |p 45249 |r 2018-01-25 |w 2018-01-25 |y BK | ||